Listening (Registro nro. 8685)
[ vista simple ]
| 000 -CABECERA | |
|---|---|
| campo de control de longitud fija | 00437aam a2200181 4500 |
| 005 - FECHA Y HORA DE ACTUALIZACIÓN | |
| campo de control | 20170111094207.0 |
| 008 - LONGITUD FIJA | |
| campo de control de longitud fija | 150727b xxu||||| |||| 00| 0 spa d |
| 041 ## - IDIOMA | |
| Código de idioma del texto/pista de sonido o título separado | |
| 082 ## - CLASIFICACIÓN DECIMAL DEWEY | |
| Número de clasificación | 428 A545L |
| 100 ## - AUTOR PERSONAL | |
| Nombre de persona | Anderson, Anne |
| 100 ## - AUTOR PERSONAL | |
| Nombre de persona | Lynch, Tony |
| 245 ## - TÍTULO PROPIAMENTE DICHO | |
| Título | Listening |
| 260 ## - PIE DE IMPRENTA | |
| Lugar de publicación, distribución, etc. | Inglaterra |
| Nombre del editor, distribuidor, etc. | Oxford |
| Fecha de publicación, distribución, etc. | 2003 |
| 300 ## - DESCRIPCIÓN FÍSICA | |
| Extensión | 154 páginas |
| 650 ## - Materia General | |
| Materia general | INGLÉS |
| 650 ## - Materia General | |
| Materia general | ENSEÑANZA |
| 942 ## - Punto de Acceso Adicional Koha | |
| Tipo de ítem Koha | Libro |
| Estado perdido | Estado dañado | No para préstamo | Biblioteca permanente | Biblioteca actual | Signatura completa | Código de barras | Tipo de ítem |
|---|---|---|---|---|---|---|---|
| Departamento de Biblioteca y Documentación Alfonso Chase Brenes | Departamento de Biblioteca y Documentación Alfonso Chase Brenes | 428 A545L | 13146 | Libro | |||
| Departamento de Biblioteca y Documentación Alfonso Chase Brenes | Departamento de Biblioteca y Documentación Alfonso Chase Brenes | 428 A545L | 13147 | Libro |